000
00358nam a22001577a 4500
003
MPLRDC
005
20220104113757.0
008
210129b ||||| |||| 00| 0 eng d
082
_a
857.45 GY-14
100
_a
高阳
245
_a
桐花凤
_c
260
_a
_b
长城出版社
_c
1964
300
_b
平
650
_a
历史小说
942
_c
BK
_o
857.45 GY-14
999
_c
2282
_d
2272